00695nam a2200193Ia 4500003000900000008004100009040001600050080002000066100001700086245019100103260005400294300002300348650004100371650001200412650001200424650001500436700002500451700002500476IN-BaIIA211028s9999 xx 000 0 eng d cIIA Library a726.1(091)bBON aBoner, Alice 0aNew light on the Sun temple of Konarka - four unpublished manuscripts relating to construction history and ritual of thicAlice Boner, Sadasiva Rath Sarma and Rajendra Prasāda Dāsa aVaranasibChowkhamba Sanskrit Series Officec1972 a[various pagings.] aAstronomy and astrophysics thesaurus aHistory aKonarka aSun temple aDas, Rajendra Prasad aSarma, Sadasiva Rath